| 000 | 00396pam a2200157a 44500 | ||
|---|---|---|---|
| 008 | 230515b1969 xxu||||| |||| 00| 0 eng d | ||
| 020 | _aNULL | ||
| 041 | _aENGLISH | ||
| 082 | _a630 | ||
| 100 | _aIS: 816-1969 | ||
| 245 | _aCODE OF PRACTICE FOR USE OF METAL ARC WELDING FOR GENERAL CONSTRUCTION IN MILD STEEL | ||
| 250 | _a0 | ||
| 260 |
_aDELHI _bISI _c1969 |
||
| 300 | _a23 | ||
| 650 | _aNULL | ||
| 999 |
_c652627 _d652627 |
||